| 000 | 00442nam a22001697a 4500 | ||
|---|---|---|---|
| 005 | 20180712111733.0 | ||
| 008 | 160511b xxu||||| |||| 00| 0 eng d | ||
| 020 | _a8125921400 | ||
| 041 | _aeng | ||
| 082 |
_b1233 _a658.1511 |
||
| 100 |
_aMaheshwari S.N. AND Maheshwari S.K. _94526 |
||
| 245 | _aAccounting for Management | ||
| 260 |
_bVikas Publishing house Pvt. Ltd. _c2006 |
||
| 300 | _a4.301P, | ||
| 650 |
_aManagement _9241 |
||
| 942 | _cBK | ||
| 999 |
_c507 _d507 |
||